LEADER 01711nam a2200289 i 4500 001 000000050912 003 CaOOAMICUS 005 20131203000000.0 008 131203s1984 xx u000 u ger u 013 $a22083 020 $a3-506-79433-7 040 $aSeMil$bita 100 1 $aBujo, Bénézet,$d<1940- >.$0(OLS)http://semarc/name/15518 245 14$aDie Begründung des Sittlichen :$bzur Frage des Eudämonismus bei Thomas von Aquin /$cBénézet Bujo. 260 $aPaderborn [etc.] :$bFerdinand Schöningh,$c1984. 300 $a199 p. ;$c24 cm. 490 0 $aVeröffentlichungen des Grabmann-Institutes zur Erforschung der mittelalterlichen Theologie und Philosophie. Neue Folge ;$v33 490 0 $aMünchener Universitätsschriften : Philosophische Fakultät Altertumskunde und Kulturwissenschaften 650 4$aEtica e morale - Concezione [di] Tommaso : d'Aquino.$0(OLS)http://semarc/subject/4472 650 4$aFelicità - Dottrina tomistica.$0(OLS)http://semarc/subject/10525 830 0$aVeröffentlichungen des Grabmann-Institutes zur Erforschung der mittelalterlichen Theologie und Philosophie. Neue Folge ;$v33.$0(OLS)http://semarc/title/192 830 0$aMünchener Universitätsschriften : Philosophische Fakultät Altertumskunde und Kulturwissenschaften.$0(OLS)http://semarc/title/11289 850 $aSeMil 852 $aSeMil$W1$xVenegono$y1$m2N I 283$j17067$B17067$CSeMilBibl$Z2$F17067 $81 996 $6020$a3-506-79433-7$9(OLS)http://semarc/number/24852 996 $6245$aDie Begründung des Sittlichen :$bzur Frage des Eudämonismus bei Thomas von Aquin$9(OLS)http://semarc/title/77813 996 $6260$aPaderborn [etc.] :$bFerdinand Schöningh$9(OLS)http://semarc/publisher/29622 LEADER 01089nam a2200229 i 4500 001 000000250733 003 CaOOAMICUS 005 20160817000000.0 008 160817s1771 it u000 u lat u 013 $a229638 026 $aa-i, rii- ntv. vete (3) 1771 (R) 040 $aSeMil$bita 245 10$aTomus 3. 300 $a785, [1] p. 500 $aSegn. : A-5E4 5F6 (5F6 bianca). - Lascito Card. C.M. Martini. 500 $aMarca editoriale: Fenice tra le fiamme volge lo sguardo verso il sole. Motto: Post fata resurgo (Repertorio consultato: Marques d'impressors, Univ. di Barcellona). 773 0 $aFacciolati, Jacopo <1682-1769>$tTotius latinitatis lexicon consilio et cura Jacobi Facciolati, opera et studio Aegidii Forcellini, alumni Seminarii patavini, lucubratum. Tomus 1. [-4.].$dPatavii : Typis Seminarii, Apud Joannem Manfrè, 1771.$g3$w()30645 850 $aSeMil 852 $aSeMil$W1$xVenegono$y1$m1C VIII 3 FA$j201079$B201079$CSeMilBibl$Z2$F212835 $8I 941 1 $a4 961 $aLascito: Martini Card. Carlo Maria 996 $6245$aTomus 3$9(OLS)http://semarc/title/70582